Computer science : An overview

Salvato in:
Dettagli Bibliografici
Autore principale: Glenn, Brookshear, J.
Natura: Libro
Lingua:Undetermined
Pubblicazione: Boston, MA. Addison-Wesley 2005
Soggetti:
Tags: Aggiungi Tag
Nessun Tag, puoi essere il primo ad aggiungerne! !
Thư viện lưu trữ: Trung tâm Học liệu Trường Đại học Cần Thơ
LEADER 00526nam a2200205Ia 4500
001 CTU_93024
008 210402s9999 xx 000 0 und d
020 |c 35.00 
082 |a 004 
082 |b B873 
100 |a Glenn, Brookshear, J. 
245 0 |a Computer science : 
245 3 |b An overview 
245 0 |c J. Glenn Brookshear 
260 |a Boston, MA. 
260 |b Addison-Wesley 
260 |c 2005 
650 |a Computer science 
904 |i Giang, QHieu 
980 |a Trung tâm Học liệu Trường Đại học Cần Thơ